| 000 | 00838nam a22002177a 4500 | ||
|---|---|---|---|
| 005 | 20140321125510.0 | ||
| 010 | _aB-500346 | ||
| 020 |
_a9788180698705 _c850.00 |
||
| 020 |
_a818069870x _c850.00 |
||
| 035 | _aB-500346 | ||
| 037 |
_adpl _bMallika Books/Ven |
||
| 082 | _a863.1092 | ||
| 100 | _aRay, Partha Pratim | ||
| 245 |
_aTagore in Print: _ba comparative study before and after expiry of copyright/ _cby Partha Pratim Ray |
||
| 260 |
_aNew Delhi _bConcept Publishing Company _c2012 |
||
| 270 |
_aA/15-16, Commercial lock, ohan Garden _bNew Delhi _e110059 (India) |
||
| 300 |
_a240p.: _bill. _c21cm(Hb) |
||
| 500 | _aincludues Appendices,Index and Bibliography | ||
| 942 |
_2ddc _cEN _h863.1092 _mRAY |
||
| 999 |
_c83120 _d83120 |
||